UBT Library

Tractors and their power units (Record no. 42406)

000 -LEADER
fixed length control field 00637cam a22002411 4500
001 - CONTROL NUMBER
control field 8446310
005 - DATE AND TIME OF LATEST TRANSACTION
control field 20180213081901.0
008 - FIXED-LENGTH DATA ELEMENTS--GENERAL INFORMATION
fixed length control field 780601s1963 nyua b 000 0 eng
010 ## - LIBRARY OF CONGRESS CONTROL NUMBER
LC control number 63021357
015 ## - NATIONAL BIBLIOGRAPHY NUMBER
National bibliography number GB64-1368
035 ## - SYSTEM CONTROL NUMBER
System control number (OCoLC)3944809
040 ## - CATALOGING SOURCE
Original cataloging agency DLC
Transcribing agency OAk
Modifying agency OCoLC
-- NCaUA
-- OCoLC
-- Uk
-- DLC
041 ## - LANGUAGE CODE
Language code of text/sound track or separate title eng
042 ## - AUTHENTICATION CODE
Authentication code premarc
080 ## - UNIVERSAL DECIMAL CLASSIFICATION NUMBER
Universal Decimal Classification number 629.225 BAR
082 ## - DEWEY DECIMAL CLASSIFICATION NUMBER
Classification number 629.225 BAR
100 1# - Rafti
Rafti 27
101 ## - Shkurtesa
Shkurtesa IM
245 00 - TITLE STATEMENT
Title Tractors and their power units
Statement of responsibility, etc [by] E. L. Barger [and others]
504 ## - BIBLIOGRAPHY, ETC. NOTE
Bibliography, etc Includes bibliographies.
906 ## - LOCAL DATA ELEMENT F, LDF (RLIN)
a 7
b cbc
c oclcrpl
d u
e ncip
f 19
g y-gencatlg
942 ## - ADDED ENTRY ELEMENTS (KOHA)
Source of classification or shelving scheme
Item type Books
Holdings
Withdrawn status Lost status Source of classification or shelving scheme Damaged status Not for loan Collection code Permanent location Current location Shelving location Date acquired Total Checkouts Full call number Barcode Date last seen Price effective from Koha item type
          Koleksioni i përgjithshem UBT - Lipjan UBT - Lipjan Koleksioni i përgjithshem 02/13/2018   629.225 BAR 002-2998102 02/13/2018 02/13/2018 Books
UBT Library © 2015-2024. All rights reserved University Education for Business and Technology